000 00250nam a2200109 a 4500
005 20200930070813.0
008 110926s2008 000 spa d
020 _a9945861730
245 0 _aDisscorsi del io sono.
260 _c2008.
999 _c33624
_d33624
040 _aDO-SdBNP